000 00503nam a2200181Ia 4500
001 20684
005 20260306172823.0
008 260306t2023||||xx |||||||||||||| ||spa||
041 _aESP
082 _a343.6
_bR75
100 _aRodríguez Huasupoma, Willy,
_eAUT
245 0 _aEl sistema nacional de control y el fortalecimiento institucional en los tres niveles de gobierno
260 _c2023
300 _a446 páginas :
_c25 cm.
650 _aGEN
654 _aCDE
942 _cLIB
_dJUS
_fJUS
_2ddc
_n
999 _c20684
_d20684